| 000 | 00607nam a2200205Ii 4500 | ||
|---|---|---|---|
| 003 | JO-AjNU | ||
| 008 | 230606s9999||||xx |||||||||||||| ||und|| | ||
| 020 | _a0-304-30301-1 | ||
| 040 |
_aJO-AjNU _beng _erda _cJO-AjNU |
||
| 041 | _aeng | ||
| 050 | 1 | 4 | _aPE1128.T46 1992 |
| 100 | 3 |
_aتأليف Thorn,Michael, _eauthor _93615 |
|
| 245 | 0 | 0 | _aExploring English:A new intermediate course |
| 264 | 3 | 1 | _aLondon:Cassell,1992 |
| 300 | _a178p | ||
| 336 |
_atext _btxt _2rdacontent |
||
| 337 |
_aunmediated _bn _2rdamedia |
||
| 338 |
_avolume _bnc _2rdacarrier |
||
| 650 | 4 |
_aExploring English-English Language _93616 |
|
| 999 |
_aE1886 _c1886 _d1886 |
||